| 000 | 00826nam0a22002531 4500 | ||
|---|---|---|---|
| 001 | rc\926297 | ||
| 005 | 20250622044342.0 | ||
| 035 | _a(NLR Aleph) 006099972 | ||
| 090 |
_a5248464 _c5248464 |
||
| 100 | _a20041129d1982 |||y0rusy50 ca | ||
| 101 | 0 | _arus | |
| 102 | _aRU | ||
| 105 | _ay ||||||||| | ||
| 200 | 1 |
_aОбщий линейный алгоритм экспертизы охраноспособных изобретений _eУчеб.-метод. пособие (НИР "Алгоритм") |
|
| 210 |
_aРига _cРВВИАХ _d1982 |
||
| 215 | _a140 с. | ||
| 300 | _aИсточник: Кн. лет, 1983, № 3 (83), с. 42, зап. 2100 | ||
| 700 | 1 |
_aЛевин _bВ.А. |
|
| 801 | 0 |
_aRU _bNLR _gpsbo |
|
| 801 | 1 |
_aRU _bELAR _2rusmarc |
|
| 852 |
_aNLR _jDesideratum |
||
| 942 | _cBOOK | ||
| 980 | _aNB | ||